Cartas a una joven matemática.

Furkejuvvon:
Bibliográfalaš dieđut
Váldodahkki: Stewart, Ian (autor)
Eará dahkkit: García Sanz, Javier (traducción)
Materiálatiipa: Dovdameahttun
Giella:eaŋgalasgiella
Almmustuhtton: Barcelona, España: Crítica, 2019.
Preanttus:Primera edición.
Ráidu:Colección Booket.
Fáttát:
Fáddágilkorat: Lasit fáddágilkoriid
Eai fáddágilkorat, Lasit vuosttaš fáddágilkora!

MARC

LEADER 00000 a2200000 4500
003 CL-VaPUC
005 20240312092409.0
008 240115t2019 ||||| |||| 00| 0 eng d
999 |c 442255  |d 442253 
020 |a 978-84-08-21507-3 
040 |c Pontificia Universidad Católica de Valparaíso 
082 |2 22  |a 510.1 STE 2019 
100 |a Stewart, Ian   |9 885505  |e autor 
245 |a Cartas a una joven matemática. 
250 |a Primera edición. 
260 |a Barcelona, España:  |b Crítica,   |c 2019. 
300 |a 230 páginas. 
490 |a Colección Booket. 
583 |k GC  |c 20240115 
650 0 |9 887161  |a Matemáticas   |x Aspectos teóricos  
650 0 |9 342401  |a Matemáticas aplicadas  |v Literatura  
650 0 |9 444530  |a Matemáticas puras  |x Nociones básicas  
700 |9 887165  |a García Sanz, Javier   |e traducción 
942 |2 ddc  |c BK 
952 |0 0  |1 0  |2 ddc  |4 0  |6 510_100000000000000_STE_2019  |7 0  |8 A  |9 593348  |a BIBEDU  |b BIBEDU  |d 2024-01-12  |e 3  |g 14113.00  |i 5660063  |o 510.1 STE 2019  |p 5660063  |r 2024-04-11  |t 1  |v 14113.00  |w 2024-01-12  |y BK  |k FIL